Statistics for NHL Team Names

Click here to take the quiz!

General Stats

  • This quiz has been taken 616 times
    (590 since last reset)
  • The average score is 27 of 30

Answer Stats

HintAnswer% Correct
AnaheimDucks
98%
EdmontonOilers
96%
MontrealCanadiens
95%
BostonBruins
94%
PittsburghPenguins
94%
Los AngelesKings
92%
TorontoMaple Leafs
92%
New YorkRangers
92%
San JoseSharks
92%
DallasStars
92%
ChicagoBlackhawks
91%
New JerseyDevils
91%
CalgaryFlames
91%
FloridaPanthers
91%
DetroitRed Wings
91%
OttawaSenators
91%
ColoradoAvalanche
90%
PhiladelphiaFlyers
90%
New YorkIslanders
90%
Saint LouisBlues
89%
VancouverCanucks
89%
WinnipegJets
89%
Tampa BayLightning
89%
BuffaloSabres
89%
ColumbusBlue Jackets
86%
WashingtonCapitals
86%
CarolinaHurricanes
86%
NashvillePredators
86%
MinnesotaWild
86%
PhoenixCoyotes
83%

Score Distribution

Percentile by Number Answered

Percent of People with Each Score

Your Score History

You have not taken this quiz since the last reset